The picture of Dorian Gray / (Record no. 229)

MARC details
000 -LEADER
fixed length control field 00931cam a2200265 a 4500
005 - DATE AND TIME OF LATEST TRANSACTION
control field 20260322212011.0
008 - FIXED-LENGTH DATA ELEMENTS--GENERAL INFORMATION
fixed length control field data
010 ## - LIBRARY OF CONGRESS CONTROL NUMBER
LC control number 92011593
020 ## - INTERNATIONAL STANDARD BOOK NUMBER
International Standard Book Number 0679600019 (recycled, acidfree paper) :
Terms of availability U.S.A. {dollar}12.50 (Canada {dollar}16.00)
020 ## - INTERNATIONAL STANDARD BOOK NUMBER
International Standard Book Number 978-0679600015 (recycled, acid-free paper) :
Terms of availability U.S.A. {dollar}12.50 (Canada {dollar}16.00)
040 ## - CATALOGING SOURCE
Original cataloging agency DLC
Transcribing agency DLC
Modifying agency DLC
-- OCoLC
-- DLC
050 00 - LIBRARY OF CONGRESS CALL NUMBER
Classification number PR5819
Item number .A1 1992
082 00 - DEWEY DECIMAL CLASSIFICATION NUMBER
Classification number 823/.8
Edition information 20
092 ## - LOCALLY ASSIGNED DEWEY CALL NUMBER (OCLC)
Classification number 823 A1 1992
001 - CONTROL NUMBER
control field data
100 1# - MAIN ENTRY--PERSONAL NAME
Personal name Wilde, Oscar,
Dates associated with a name 1854-1900.
245 14 - TITLE STATEMENT
Title The picture of Dorian Gray /
Statement of responsibility, etc. Oscar Wilde.
250 ## - EDITION STATEMENT
Edition statement 1992 Modern Library ed.
260 ## - PUBLICATION, DISTRIBUTION, ETC.
Place of publication, distribution, etc. New York :
Name of publisher, distributor, etc. Modern Library,
Date of publication, distribution, etc. 1992.
300 ## - PHYSICAL DESCRIPTION
Extent xvi, 254 p. ;
Dimensions 20 cm.
650 #0 - SUBJECT ADDED ENTRY--TOPICAL TERM
Topical term or geographic name entry element Conduct of life
General subdivision Fiction.
650 #0 - SUBJECT ADDED ENTRY--TOPICAL TERM
Topical term or geographic name entry element Portraits
General subdivision Fiction.
655 #7 - INDEX TERM--GENRE/FORM
Genre/form data or focus term Didactic fiction.
Source of term gsafd
856 42 - ELECTRONIC LOCATION AND ACCESS
Materials specified Publisher description
Uniform Resource Identifier <a href="http://www.loc.gov/catdir/description/random0411/92011593.html">http://www.loc.gov/catdir/description/random0411/92011593.html</a>
Holdings
Withdrawn status Lost status Damaged status Not for loan Home library Current library Shelving location Date acquired Total checkouts Full call number Barcode Date last seen Date last checked out Price effective from Koha item type
        Centerville Centerville General stacks 22/03/2026 1 823/.8 20 BC0010237 14/04/2026 14/04/2026 22/03/2026 Books